Los peces / (Registro nro. 10441)

Detalles MARC
000 -LIDER
fixed length control field 00983nam a2200313 a 4500
001 - NÚMERO DE CONTROL
Identificador de número de control 0000426
003 - IDENTIFICACDOR DE NÚMERO DE CONTROL
control field DO-SdBPM
005 - DATE AND TIME OF LATEST TRANSACTION
control field 20251120124822.0
007 - CAMPOS FIJOS DE DESCRIPCIÓN FÍSICA
fixed length control field ta
008 - ELEMENTOS DE LONGITUD FIJA
fixed length control field 091125s1990 sp a 000 0 spa d
020 ## - ISBN
International Standard Book Number 8437237297
040 ## - FUENTE DE CATALOGACIÓN
Agencia que crea de manera original el registro DO-SdBPM
Idioma de catalogación spa
Agencia que realiza la transcripción BPMSU
Convenciones de la despripción rda
082 #4 - NÚMERO DE CLASIFICACIÓN DECIMAL DE DEWEY
Classification number 557
Item number B988p 1990
Edition number 22
100 1# - ASIENTO PRINCIPAL -- NOMBRE PERSONAL
Nombre personal Parker, Steve
Fechas asociadas con el nombre 1959-
Mención de responsabilidad autor
Término de relación aut.
245 14 - MENCIÓN DE TITULO
Título Los peces /
Mención de responsabilidad Steve Parker ; traducción Beatriz Morla
264 ## - PRODUCTION, PUBLICATION, DISTRIBUTION, MANUFACTURE, AND COPYRIGHT NOTICE
Place of production, publication, distribution, manufacture Madrid :
Name of producer, publisher, distributor, manufacturer Biblioteca Visual Altea,
Date of production, publication, distribution, manufacture, or copyright notice 1990.
300 ## - DESCRIPCIÓN FÍSICA
Extensión 63 páginas :
Otros detalles físicos ilustraciones ;
Dimensiones 29 cm.
336 ## - CONTENT TYPE
Content type term texto
Content type code txt
Source rdacontent
337 ## - MEDIA TYPE
Media type term sin mediación
Media type code n
Source rdamedia
338 ## - CARRIER TYPE
Carrier type term volumen
Carrier type code nc
Source rdacarrier
490 0# - MENCIÓN DE SERIES
Mención de serie Biblioteca visual Altea
534 ## - NOTA SOBRE LA VERSIÓN ORIGINAL
Frase introductoria Título original.
Mención del título original Eyweitness encyclopedia
590 ## - NOTA LOCAL
Texto de la nota local Inventariado, 25025VM
650 #7 - ENCABEZAMIENTO DE MATERIA--TEMÁTICO
Término temático o nombre geográfico como elemento de entrada Peces
650 #7 - ENCABEZAMIENTO DE MATERIA--TEMÁTICO
Término temático o nombre geográfico como elemento de entrada Fisiología de peces.
700 1# - ASIENTO SECUNDARIO -- NOMBRE PERSONAL
Nombre personal Morla, Beatriz,
Mención de responsabilidad traductora
910 ## - VALIDACIÓN
Validación VMateo V. Control de calidad. BPMSU
942 ## - ADDED ENTRY ELEMENTS (KOHA)
Source of classification or shelving scheme Dewey Decimal Classification
Koha item type Libros
Existencias
Withdrawn status Lost status Source of classification or shelving scheme Damaged status Not for loan Collection code Home library Current library Date acquired Source of acquisition Total Checkouts Full call number Barcode Date last seen Price effective from Koha item type
    Dewey Decimal Classification     Colección Infantil General Biblioteca Pública Metropolitana Salomé Ureña Biblioteca Pública Metropolitana Salomé Ureña 06/20/2016 FUNDI   BPMSU CGI 557 B988p 1990 BPMSU16060249 06/20/2016 06/20/2016 Libros